UBT Library

Environmental hazards of war : (Record no. 1357)

000 -LEADER
fixed length control field 00627nam a22001817a 4500
008 - FIXED-LENGTH DATA ELEMENTS--GENERAL INFORMATION
fixed length control field 151113b xxu||||| |||| 00| 0 eng d
020 ## - INTERNATIONAL STANDARD BOOK NUMBER
International Standard Book Number 0803983867
041 0# - LANGUAGE CODE
Language code of text/sound track or separate title eng
080 ## - UNIVERSAL DECIMAL CLASSIFICATION NUMBER
Universal Decimal Classification number 355.01
245 00 - TITLE STATEMENT
Title Environmental hazards of war :
Statement of responsibility, etc edited by Arthur H. Westing.
260 ## -
-- London ;
-- Newbury Park :
-- SAGE Publications,
-- 1990.
300 ## -
-- xvi, 96 f. ;
-- 24 cm.
650 #0 -
-- Lufta
-- Aspektet e mjedisit
700 1# -
-- Westing, Arthur H.
710 2# -
-- International Peace Research Institute.
710 2# -
-- United Nations Environment Programme.
942 ## - ADDED ENTRY ELEMENTS (KOHA)
Source of classification or shelving scheme
Item type Books
Holdings
Withdrawn status Lost status Source of classification or shelving scheme Damaged status Not for loan Collection code Permanent location Current location Shelving location Date acquired Total Checkouts Full call number Barcode Date last seen Koha item type
          Koleksioni i përgjithshem UBT - Lipjan UBT - Lipjan Koleksioni i përgjithshem 11/13/2015   355.01 ENV 002-008629 04/05/2017 Books
UBT Library © 2015-2024. All rights reserved University Education for Business and Technology